| 000 | 00500nam a2200181 i 4500 | ||
|---|---|---|---|
| 001 | 150297 | ||
| 003 | ES-MaACL | ||
| 005 | 20230906203443.0 | ||
| 007 | t| | ||
| 008 | 071029s1903 fr ||||1| fre d | ||
| 100 | 1 |
_aVallery-Radot, René. _9112868 |
|
| 245 | 1 | 3 |
_aLa vie de Pasteur / _cRené Vallery-Radot. |
| 250 | _a9em. ed. | ||
| 260 |
_aParis : _b[s.n.], _c1903 ( _eEvreux : _fCh. Herissey) |
||
| 300 |
_a692 p. ; _c25 cm. |
||
| 600 | 0 | 4 |
_aPasteur, Louis. _989467 |
| 852 |
_aES-MaACL _jG-14961 |
||
| 999 |
_c150297 _d150297 |
||